contract law directions / (Record no. 5182)
[ view plain ]
| 000 -LEADER | |
|---|---|
| fixed length control field | 00682nam a22002177a 4500 |
| 008 - FIXED-LENGTH DATA ELEMENTS--GENERAL INFORMATION | |
| fixed length control field | 120916t xxu||||| |||| 00| 0 eng d |
| 020 ## - INTERNATIONAL STANDARD BOOK NUMBER | |
| International Standard Book Number | 9-7801-9955-4393 |
| 082 ## - DEWEY DECIMAL CLASSIFICATION NUMBER | |
| Edition number | 22 ed. |
| Classification number | 346.02 |
| Item number | TAY |
| 100 ## - MAIN ENTRY--PERSONAL NAME | |
| Personal name | Taylor, Richard |
| 9 (RLIN) | 6672 |
| 245 ## - TITLE STATEMENT | |
| Title | contract law directions / |
| Statement of responsibility, etc | Richard Taylor and Damian Taylor |
| 250 ## - EDITION STATEMENT | |
| Edition statement | 2nd ed. |
| 260 ## - PUBLICATION, DISTRIBUTION, ETC. (IMPRINT) | |
| Place of publication, distribution, etc | London : |
| Name of publisher, distributor, etc | Oxford university press |
| Date of publication, distribution, etc | 2009 |
| 300 ## - PHYSICAL DESCRIPTION | |
| Extent | xxix. ; 409 p. : |
| Other physical details | col. ill. ; |
| Dimensions | 27 cm. |
| 500 ## - GENERAL NOTE | |
| General note | Includes Index |
| 650 ## - SUBJECT ADDED ENTRY--TOPICAL TERM | |
| Topical term or geographic name as entry element | contracts |
| 9 (RLIN) | 6673 |
| 650 ## - SUBJECT ADDED ENTRY--TOPICAL TERM | |
| Topical term or geographic name as entry element | law of contracts |
| 9 (RLIN) | 6674 |
| 650 ## - SUBJECT ADDED ENTRY--TOPICAL TERM | |
| Topical term or geographic name as entry element | Law and ontracts |
| 9 (RLIN) | 6675 |
| 650 ## - SUBJECT ADDED ENTRY--TOPICAL TERM | |
| Topical term or geographic name as entry element | contract law directions |
| 9 (RLIN) | 6676 |
| 700 ## - ADDED ENTRY--PERSONAL NAME | |
| Personal name | Taylor, Damian |
| 9 (RLIN) | 6677 |
| 942 ## - ADDED ENTRY ELEMENTS (KOHA) | |
| Source of classification or shelving scheme | Dewey Decimal Classification |
| Item type | Books |
| Withdrawn status | Lost status | Source of classification or shelving scheme | Damaged status | Not for loan | Home library | Current library | Date acquired | Total Checkouts | Full call number | Barcode | Date last seen | Copy number | Price effective from | Koha item type | Public note |
|---|---|---|---|---|---|---|---|---|---|---|---|---|---|---|---|
| Dewey Decimal Classification | Archives | Archives | 09/16/2012 | 346.02 TAY | 3936/2012 | 09/16/2012 | 1 | 09/16/2012 | Books | Reserve book |
